Statistics for MLB MVPs

Click here to take the quiz!

General Stats

  • This quiz has been taken 305 times
  • The average score is 41 of 78

Answer Stats

HintAnswer% Correct
2014 ALMike Trout
88%
2016 ALMike Trout
88%
2004 NLBarry Bonds
79%
2003 NLBarry Bonds
79%
1990 NLBarry Bonds
79%
2002 NLBarry Bonds
79%
1992 NLBarry Bonds
79%
2001 NLBarry Bonds
79%
1993 NLBarry Bonds
79%
2005 ALAlex Rodriguez
75%
2003 ALAlex Rodriguez
75%
2007 ALAlex Rodriguez
75%
2015 NLBryce Harper
75%
1999 ALIvan Rodriguez
70%
2018 ALMookie Betts
70%
2008 NLAlbert Pujols
69%
2009 NLAlbert Pujols
69%
2005 NLAlbert Pujols
69%
2017 ALJose Altuve
69%
2018 NLChristian Yelich
67%
2011 ALJustin Verlander
67%
2014 NLClayton Kershaw
65%
2012 ALMiguel Cabrera
65%
2013 ALMiguel Cabrera
65%
1998 NLSammy Sosa
62%
1997 ALKen Griffey Jr.
61%
2017 NLGiancarlo Stanton
60%
2016 NLKris Bryant
57%
1999 NLChipper Jones
56%
1980 NLMike Schmidt
56%
1981 NLMike Schmidt
56%
1986 NLMike Schmidt
56%
1983 ALCal Ripken Jr.
54%
1991 ALCal Ripken Jr.
54%
1986 ALRoger Clemens
53%
2011 NLRyan Braun
51%
2006 NLRyan Howard
51%
2012 NLBuster Posey
50%
1987 ALGeorge Bell
49%
1980 ALGeorge Brett
49%
2001 ALIchiro Suzuki
49%
1994 ALFrank Thomas
47%
1993 ALFrank Thomas
47%
2015 ALJosh Donaldson
47%
1988 ALJose Canseco
46%
2013 NLAndrew McCutchen
45%
2007 NLJimmy Rollins
45%
1982 ALRobin Yount
45%
1989 ALRobin Yount
45%
2010 NLJoey Votto
43%
2009 ALJoe Mauer
42%
1996 ALJuan Gonzalez
42%
1998 ALJuan Gonzalez
42%
1990 ALRickey Henderson
42%
2008 ALDustin Pedroia
41%
2010 ALJosh Hamilton
41%
2004 ALVladimir Guerrero
41%
1994 NLJeff Bagwell
40%
1997 NLLarry Walker
40%
2000 ALJason Giambi
39%
1984 ALWillie Hernandez
38%
1987 NLAndre Dawson
37%
1995 NLBarry Larkin
36%
1985 ALDon Mattingly
35%
1984 NLRyne Sandberg
35%
1982 NLDale Murphy
34%
1983 NLDale Murphy
34%
2006 ALJustin Morneau
34%
1992 ALDennis Eckersley
33%
2000 NLJeff Kent
33%
1988 NLKirk Gibson
33%
2002 ALMiguel Tejada
33%
1985 NLWillie McGee
30%
1989 NLKevin Mitchell
29%
1996 NLKen Caminiti
28%
1995 ALMo Vaughn
27%
1991 NLTerry Pendleton
26%
1981 ALRollie Fingers
21%

Score Distribution

Percentile by Number Answered

Percent of People with Each Score

Your Score History

You have not taken this quiz